Sports Quiz

Random Sports or MLB Quiz

Philadelphia Phillies 200 Quiz Stats

 Plays Quiz not verified by Sporcle

Challenge
Share
Tweet
Embed
Score 0/199 Timer 18:00
0 Plays Today
Games Played Player % Correct
1,494Jimmy Rollins
96.3%
1,006Chase Utley
95.8%
875Ryan Howard
95.7%
1,320Mike Schmidt
94.1%
1,306Pat Burrell
85.9%
754Shane Victorino
85.7%
487Carlos Ruiz
85.7%
1,109Darren Daulton
85.4%
366Travis Lee
84.2%
744John Kruk
84.2%
155Cole Hamels
83.7%
734Lenny Dykstra
83.6%
78Jon Lieber
83%
1,174Mike Lieberthal
82.8%
543Jayson Werth
82.6%
203Steve Carlton
81.2%
582Pete Rose
81%
1,353Bobby Abreu
81%
244Curt Schilling
79.2%
844Scott Rolen
78.8%
361Jim Thome
77.8%
200Mitch Williams
77.6%
128Mike Williams
77.3%
250Larry Bowa
77%
476Placido Polanco
76.2%
965Mickey Morandini
76.2%
189Brad Lidge
75.6%
1,208Von Hayes
75.6%
519Charlie Hayes
75.4%
470David Bell
73.4%
162Lonnie Smith
72.5%
242Brett Myers
72%
479Marlon Anderson
70.2%
291Pedro Feliz
70.1%
217Bob Boone
70%
289Raul Ibanez
70%
106Greg Luzinski
70%
641Garry Maddox
69.9%
550Dave Hollins
69.3%
97Ron Jones
69.2%
852Juan Samuel
68%
504Tomas Perez
68%
91Tony Perez
68%
92Yorkis Perez
67.9%
545Kevin Stocker
67.2%
584Milt Thompson
67%
840Doug Glanville
66.6%
111Tommy Greene
66.1%
499Jim Eisenreich
65.5%
662Ricky Jordan
65%
560Kevin Jordan
64.8%
429Ryan Madson
64%
170Terry Mulholland
63.6%
395Gary Matthews
63.6%
602Glenn Wilson
63.1%
384Manny Trillo
63.1%
184Tug McGraw
62.9%
295Pete Incaviglia
62.7%
496Rico Brogna
62.3%
123Joe Morgan
62.2%
270Aaron Rowand
61.6%
124Jamie Moyer
60.2%
406Mariano Duncan
58.4%
473Gregg Jefferies
58%
969Greg Gross
58%
204Kevin Gross
57.9%
256Marlon Byrd
57.7%
Games Played Player % Correct
246Jose Mesa
56.9%
228Dale Murphy
56.7%
98Dwayne Murphy
56.6%
315Wes Chamberlain
56%
200Randy Wolf
56%
218Steve Bedrosian
55.9%
195Bake McBride
55.6%
120Billy Wagner
55.3%
653Steve Jeltz
54.4%
333Bo Diaz
54.4%
463Ivan de Jesus
54.2%
299Todd Pratt
53.5%
227Ron Gant
51.9%
431Dickie Thon
51.2%
136Benito Santiago
50.8%
95Jose Santiago
50.8%
253Lance Parrish
50.7%
115Geoff Jenkins
49.9%
326Chris James
49.7%
320Desi Relaford
49.4%
256Chris Coste
49.4%
455Greg Dobbs
49%
95John Denny
49%
270Tom Herr
49%
383Ozzie Virgil
48.5%
109Robert Person
47.8%
162Vicente Padilla
47.5%
212Ron Reed
47.4%
115Matt Stairs
47.2%
259Abraham Nunez
46.6%
110Kenny Lofton
45.7%
330Ricky Bottalico
45.6%
330Rick Schu
45.6%
439Bob Dernier
45.6%
241Larry Andersen
45.1%
112Wes Helms
44.8%
142Mark Lewis
44.7%
134Todd Zeile
44.6%
94Kyle Kendrick
44.4%
96Dick Ruthven
44.4%
213J.C. Romero
44.3%
291Kent Tekulve
43.2%
137Tom Gordon
42.9%
123Keith Moreland
42.9%
139Al Holland
42.6%
177Del Unser
42.3%
147Shane Rawley
42.2%
110Greg Harris
41.9%
83Derrick May
41.9%
197Kim Batiste
41.6%
421Ruben Amaro
41.4%
289Randy Ready
41.3%
145Kiko Garcia
41.2%
198Bruce Ruffin
41%
122David West
41%
312Don Carman
40.9%
76Larry Christenson
40.8%
296Jeff Stone
40.7%
424Kevin Sefcik
40.7%
120Mark Whiten
40.7%
154Phil Bradley
40.3%
136Wally Backman
40%
383Jason Michaels
39.4%
131Charles Hudson
39.4%
259John Russell
39.2%
363Rheal Cormier
39.1%
288Wayne Gomes
38.7%
Games Played Player % Correct
471Luis Aguayo
38.4%
192Eric Bruntlett
38.4%
111Wilson Valdez
38.1%
125Ben Francisco
37.5%
194Chad Durbin
37.3%
84Dennis Cook
37%
85Brian Hunter
36.8%
83Brian Hunter
36.8%
221George Vukovich
36.5%
154Roger McDowell
36%
165Steve Lake
35.7%
127Sixto Lezcano
35.6%
85John Morris
35.5%
130Curt Ford
35.3%
122Michael Bourn
35%
167Len Matuszek
34.4%
77Turk Wendell
34.2%
154Ricky Otero
34%
90Gary Redus
33.4%
128Terry Adams
33.3%
99Johnny Estrada
33.3%
290Ricky Ledee
33.3%
82Jeremy Giambi
33.2%
81Sil Campusano
32.6%
108Wendell Magee
32.6%
88So Taguchi
32.6%
216Geoff Geary
31.7%
167Joe Lefebvre
30.9%
118John Wockenfuss
30.6%
113Heathcliff Slocumb
30.5%
137Jeff Parrett
30.1%
100Mark Leiter
29.7%
208Tim Corcoran
29.7%
116Ken Ryan
29.6%
77Nick Punto
29.2%
139Tony Longmire
28.9%
244Alex Arias
28.8%
109Gary Bennett
28.7%
76Bobby Estalella
28.7%
86Tom Hume
28.3%
94Ross Gload
28.2%
96Tim Worrell
27.8%
92Sparky Lyle
27.3%
246Rob Ducey
27.2%
91Endy Chavez
27.1%
89Ramon Aviles
27.1%
161Clay Condrey
27%
165Ron Roenicke
26.6%
138Amaury Telemaco
26.6%
99Dan Plesac
26.5%
93Tom Marsh
26.2%
94Jim Lindeman
26%
149Toby Borland
25.5%
138David Doster
25.4%
101Rod Booker
25.3%
102Joe Boever
24.8%
147Wally Ritchie
24.7%
85Tom Foley
24.6%
130Carlos Silva
24.3%
132David Dellucci
23.7%
87Chris Brock
23.5%
101Darrel Akerfelds
22.9%
128Aaron Fultz
21.5%
145Jerry Spradlin
20%
85Chris Roberson
19.2%

You're not logged in!

Compare scores with friends on all Sporcle quizzes.
OR
Log In

You Might Also Like...

Show Comments

Extras

Top Quizzes Today


Score Distribution

Your Account Isn't Verified!

In order to create a playlist on Sporcle, you need to verify the email address you used during registration. Go to your Sporcle Settings to finish the process.

Report this User

Report this user for behavior that violates our Community Guidelines.

Details: